000 00683nam a2200193Ia 4500
003 GCL
008 140319s9999 xx 000 0 ara d
040 _aGCL /
_cGCL
082 0 4 _a811.9
_bا ض
100 1 _aابراهيم خليل
245 1 0 _aالضفيرة واللهب دراسات فى الشعر العربى القديم المعاصر /
_cابراهيم خليل
250 _aالاولى
260 _aالاردن :
_bمنشورات امانة عمان الكبرى ،
_c1421
300 _a298 ص ؛
_c24 سم
650 0 4 _aالشعر العربى
650 0 4 _aالادب العربى
650 0 4 _aالشعر العربى - تاريخ ونقد
942 _2ddc
_cBK
999 _c1554
_d1554